Statistics for NSW Electorates with non English ancestry

Click here to take the quiz!

General Stats

  • This quiz has been taken 24 times
  • The average score is 6 of 10

Answers on the Map

Answers color-coded by a green-red scale on the quiz's map according to % correct below.
 

Answer Stats

Party won in 2019 electionMost common ancestryNSW Electorate% Correct
ALPLebanese (19%)Bankstown
89%
ALPLebanese (24%)Lakemba
72%
ALPVietnamese (24%)Cabramatta
67%
ALPVietnamese (17%)Fairfield
67%
ALPChinese (19%)Auburn
61%
ALPChinese (27%)Kogarah
61%
ALPChinese (22%)Strathfield
50%
ALPGreek (15%)Canterbury
39%
ALPLebanese (18%)Granville
39%
LIBChinese (22%)Ryde
28%

Score Distribution

Percentile by Number Answered

Percent of People with Each Score

Your Score History

You have not taken this quiz